00520nam a2200193 a 4500001001300000003000900013005001700022008004100039020002300080082001600103100002400119245005000143260002800193300000900221500003500230505001000265650002700275700002400302nice12345678IN_TiNIC20260116015012.0050524s1984 lona grp 000 0 eng  a0877732 c10000a248.22bROB aRoberts, Bernadette aExperience of No-Selfb Contemplative Journey aLondonbShambhalac1984 a204p aincludes index and biblioraphy2 aIndex aMysticism-Christianity1 aRoberts, Bernadette